000 00464nam a2200181Ia 4500
001 8077
005 20260306160542.0
008 260306t2021||||xx |||||||||||||| ||spa||
041 _aESP
082 _a370.1
_bL35
100 _aL'Ecuyer, Catherine,
_eAUT
245 0 _aConversaciones con mi maestra :
_bdudas y certezas sobre la educación
260 _c2021
300 _a335 páginas :
_c24 cm.
650 _aGEN
654 _aCED
942 _cLIB
_dJUS
_fJUS
_2ddc
_n
999 _c8077
_d8077